Normal view
MARC view
- Khan, Shahroz (329248)
Entry Personal Name
001 - CONTROL NUMBER
- control field: 132353
003 - CONTROL NUMBER IDENTIFIER
- control field: NUST
005 - DATE AND TIME OF LATEST TRANSACTION
- control field: 20251217103647.0
008 - FIXED-LENGTH DATA ELEMENTS
- fixed length control field: 251217|| aca||aabn | a|a d
040 ## - CATALOGING SOURCE
- Original cataloging agency: NUST
- Transcribing agency: NUST
100 ## - HEADING--PERSONAL NAME
- Personal name: Khan, Shahroz (329248)
670 ## - SOURCE DATA FOUND
- Source citation: Work cat.: (NUST): Khan, Shahroz (329248), Techno-Economic Design and Implementation of a Solar- Wind Hybrid Micro Grid for Sustainable Energy Solutions in Rural Communities /
